Music Quiz

Random Music or Song Quiz

Lady Gaga Song By Random Lyric Quiz Stats

 Plays Quiz not verified by Sporcle

Also try: Famous Drummers
Challenge
Share
Tweet
Embed
Score 0/38 Timer 04:00
0 Plays Today
Lyric Song % Correct
Russian roulette is not the same without a gun Poker Face
82.6%
I want your horror, I want your designBad Romance
80.4%
Sometimes I feel like I live in Grand Central StationTelephone
71.7%
She's not broken, she's just a babyAlejandro
71.7%
Half-psychotic, sick hypnotic Got my blueprint. It's symphonicJust Dance
70.7%
Daddy, I'm so sorry, I'm so s-s-sorry, yeahBeautiful Dirty Rich
68.5%
I can see you standing there from across the blockLovegame
66.3%
I just want to be free, I just want to be meHair
65.2%
Put your hands on me, John F KennedyGovernment Hooker
64.1%
Marilyn, Judy, Sylvia, tell 'em how you feel girls Dance In The Dark
64.1%
I've learned love is like a brick you can build a house or sink a dead bodyJudas
63%
Velvet ropes and guitarsPaparazzi
62%
Muscle cars drove a truck right through my heartYoü and I
60.9%
Put on your shades 'cause I'll be dancin' in the flamesThe Edge Of Glory
59.8%
I'm gunna lace up my boots, throw on some leather and cruiseMarry The Night
59.8%
Would you make me number one on your playlist?Starstruck
57.6%
Girl you look good enough to eatMonster
57.6%
Baby is a bad boy with some retro sneakersBoys Boys Boys
57.6%
You popped my heart seams, all my bubble dreamsSpeechless
56.5%
Lyric Song % Correct
Enough is enough of this horse s***Bad Kids
56.5%
Got no religion, no religion (My religion is you)Teeth
55.4%
We, are not, just art for Michelangelo, to carveBloody Mary
55.4%
I do my hair, I gloss my eyes, I touch myself all through the nightSo Happy I Could Die
55.4%
I love my life, I love this record and mi amore vole fe yah (safety in him) Born This Way
53.3%
I can see myself in the movies with my picture in city lightsThe Fame
52.2%
I'm wishin' I could dance on a single prayerScheiße
51.1%
'Cause I, do not, accept any lessPaper Gangsta
51.1%
If everything was everything, but everything is overBrown Eyes
48.9%
Can't sleep with a man who dims my shineI Like It Rough
47.8%
She's just an American riding a dreamHighway Unicorn (Road To Love)
47.8%
I didn't mean to hurt you / I never thought we'd fall out of placeEh, Eh (Nothing Else I Can Say)
46.7%
You know that I'd never cheat on men Fashion Of His Love
46.7%
Sunglasses cover up my green eyesSummerboy
46.7%
Don't you try to catch me, don't you try to catch me (no, no, no, no)Americano
45.7%
Dirty pony, I can't wait to hose you downHeavy Metal Lover
43.5%
Follow me, don't be such a holy foolElectric Chapel
43.5%
Since I was born on Broadway, babyBlack Jesus + Amen Fashion
42.4%
When you run dry, I'll flood your plainThe Queen
16.3%

You're not logged in!

Compare scores with friends on all Sporcle quizzes.
Join for Free
OR
Log In

You Might Also Like...

Show Comments

Extras

Top Quizzes Today


Score Distribution

Your Account Isn't Verified!

In order to create a playlist on Sporcle, you need to verify the email address you used during registration. Go to your Sporcle Settings to finish the process.

Report this User

Report this user for behavior that violates our Community Guidelines.

Details: